Countries with Highest Debt Rates - Statistics

General Stats
  • This quiz has been taken 22 times
  • The average score is 10 of 25
Answer Stats
Rate Country % Correct
110% France
89%
123% United States of America
89%
144% Italy
84%
104% United Kingdom
84%
255% Japan
79%
107% Spain
79%
106% Belgium
68%
106% Canada
68%
168% Greece
63%
108% Portugal
63%
93% Egypt
53%
168% Singapore
32%
256% Sudan
32%
95% Zimbabwe
16%
115% Barbados
11%
94% Dominica
11%
94% Jordan
11%
90% Mozambique
11%
113% Cape Verde
5%
122% Laos
5%
121% Bahrain
0%
123% Bhutan
0%
110% Maldives
0%
98% Republic of Congo
0%
107% Suriname
0%
No matching quizzes found
Score Distribution
Percent of People with Each Score
Percentile by Number Answered
Your Score History
You have not taken this quiz